Statistics for States and Provinces Containing Q, V, X, Z (Territories Included)

Click here to take the quiz!

General Stats

  • This quiz has been taken 25 times
  • The average score is 8 of 12

Answer Stats

HintAnswer% Correct
VVirginia
95%
VWest Virginia
95%
QQuebec
90%
VVermont
90%
XTexas
80%
ZArizona
70%
VNevada
65%
XNew Mexico
65%
VNunavut
55%
VPennsylvania
50%
VNova Scotia
45%
VUS Virgin Islands
25%

Score Distribution

Percentile by Number Answered

Percent of People with Each Score

Your Score History

You have not taken this quiz